Most UFC Main Events - Statistics

General Stats
  • This quiz has been taken 246 times
    109 since last reset
  • The average score is 7 of 16
Answer Stats
# Cards Headlined Weight Class Answer % Correct
19 HW/LHW Jon Jones
99%
19 MW Anderson Silva
86%
13 MW/WW Georges St-Pierre
67%
15 MW Israel Adesanya
60%
18 HW/LHW Randy Couture
55%
13 HW Stipe Miocic
53%
14 FTW/LW Max Holloway
52%
13 WW/LW/FTW BJ Penn
44%
16 LHW Tito Ortiz
42%
14 FTW/LW Dustin Poirier
37%
14 MW Michael Bisping
34%
13 HW Derrick Lewis
27%
13 LW/FTW Frankie Edgar
27%
13 HW Junior Dos Santos
21%
13 LHW/MW Vitor Belfort
17%
13 LHW/MW Lyoto Machida
16%
No matching quizzes found
Score Distribution
Percent of People with Each Score
Percentile by Number Answered
Your Score History
You have not taken this quiz since the last reset